Los griegos /

Guardado en:
Autor Principal: Kitto, H. D. F.
Formato: Libro
Publicado: Buenos Aires : Eudeba, 1970
Edición:4a. ed.
Materias:
Etiquetas: Agregar Etiqueta
Sin Etiquetas, Sea el primero en etiquetar este registro!
LEADER 01249nam a22002775a 4500
001 CEM.cems003596
005 20100217131801.0
008 130507s1970##################000#0#####d
003 CEMS
082 0 4 |a 938 
100 1 |a Kitto, H. D. F. 
245 1 0 |a Los griegos /  |c H. D. F. Kitto 
250 |a 4a. ed. 
260 |a Buenos Aires :  |b Eudeba,  |c 1970 
300 |a 357 p. 
505 0 |a La formación del pueblo griego -- El país -- Homero -- La pólis -- La Grecia clásica: el período primitivo -- La Grecia clásica: el siglo quinto -- Los griegos en la guerra -- La decadencia de la pólis -- La mente griega -- Mito y religión -- Vida y carácter 
653 |a Historia 
653 |a Historia antigua y medieval 
653 |a Historia de grecia 
859 |a CEMS  |b BIB. CEMS - 11 de abril  |h 938  |i K656a4  |p 3224.74  |t Ej.1 
859 |a CEMS  |b BIB. CEMS - 11 de abril  |h 938  |i K656a4  |p 3440.75  |t Ej.2 
859 |a CEMS  |b BIB. CEMS - 11 de abril  |h 938  |i K656a4  |p 3441.75  |t Ej.3 
859 |a CEMS  |b BIB. CEMS - 11 de abril  |h 938  |i K656a4  |p 3442.75  |t Ej.4 
859 |a CEMS  |b BIB. CEMS - 11 de abril  |h 938  |i K656a4  |p 3443.75  |t Ej.5 
859 |a CEMS  |b BIB. CEMS - 11 de abril  |h 938  |i K656a4  |p 3444.75  |t Ej.6 
859 |a CEMS  |b BIB. CEMS - 11 de abril  |h 938  |i K656a4  |p 3486.75  |t Ej.7